MARC details
| 000 -LEADER |
| fixed length control field |
00990cam a2200349 i 4500 |
| 001 - CONTROL NUMBER |
| control field |
200468114 |
| 003 - CONTROL NUMBER IDENTIFIER |
| control field |
TR-AnTOB |
| 005 - DATE AND TIME OF LATEST TRANSACTION |
| control field |
20260414154500.0 |
| 007 - PHYSICAL DESCRIPTION FIXED FIELD--GENERAL INFORMATION |
| fixed length control field |
ta |
| 008 - FIXED-LENGTH DATA ELEMENTS--GENERAL INFORMATION |
| fixed length control field |
760514s1977 ilu b 001 0 eng d |
| 010 ## - LIBRARY OF CONGRESS CONTROL NUMBER |
| LC control number |
76018181 |
| 020 ## - INTERNATIONAL STANDARD BOOK NUMBER |
| International Standard Book Number |
0380448181 |
| 035 ## - SYSTEM CONTROL NUMBER |
| System control number |
2233828 |
| 040 ## - CATALOGING SOURCE |
| Original cataloging agency |
DLC |
| Language of cataloging |
eng |
| Description conventions |
rda |
| Transcribing agency |
DLC |
| Modifying agency |
TR-AnTOB |
| 041 ## - LANGUAGE CODE |
| Language code of text/sound track or separate title |
İngilizce |
| 043 ## - GEOGRAPHIC AREA CODE |
| Geographic area code |
n-us-ar |
| -- |
n-us-mo |
| 050 00 - LIBRARY OF CONGRESS CALL NUMBER |
| Classification number |
GR110.M77 |
| Item number |
P57 1977 |
| 090 ## - LOCALLY ASSIGNED LC-TYPE CALL NUMBER (OCLC); LOCAL CALL NUMBER (RLIN) |
| Classification number (OCLC) (R) ; Classification number, CALL (RLIN) (NR) |
GR110.M77 |
| Local cutter number (OCLC) ; Book number/undivided call number, CALL (RLIN) |
P57 1977 |
| 245 00 - TITLE STATEMENT |
| Title |
Pissing in the snow and other Ozark folktales / |
| Statement of responsibility, etc. |
[compiled by] Vance Randolph. |
| 250 ## - EDITION STATEMENT |
| Edition statement |
Fifth printing |
| 264 ## - PRODUCTION, PUBLICATION, DISTRIBUTION, MANUFACTURE, AND COPYRIGHT NOTICE |
| Place of production, publication, distribution, manufacture |
Urbana : |
| Name of producer, publisher, distributor, manufacturer |
University of Illinois Press, |
| Date of production, publication, distribution, manufacture, or copyright notice |
1977. |
| 300 ## - PHYSICAL DESCRIPTION |
| Extent |
239 pages ; |
| Dimensions |
21 cm. |
| 336 ## - CONTENT TYPE |
| Content type term |
text |
| Content type code |
txt |
| Source |
rdacontent |
| 337 ## - MEDIA TYPE |
| Media type term |
unmediated |
| Media type code |
n |
| Source |
rdamedia |
| 338 ## - CARRIER TYPE |
| Carrier type term |
volume |
| Carrier type code |
nc |
| Source |
rdacarrier |
| 504 ## - BIBLIOGRAPHY, ETC. NOTE |
| Bibliography, etc. note |
Includes bibliographical references. |
| 650 #0 - SUBJECT ADDED ENTRY--TOPICAL TERM |
| Topical term or geographic name entry element |
Tales |
| Geographic subdivision |
United States |
| 9 (RLIN) |
153372 |
| 700 1# - ADDED ENTRY--PERSONAL NAME |
| Personal name |
Randolph, Vance, |
| Dates associated with a name |
1892-1980 |
| 9 (RLIN) |
153663 |
| 942 ## - ADDED ENTRY ELEMENTS (KOHA) |
| Source of classification or shelving scheme |
Library of Congress Classification |
| Koha item type |
Book |